Využitie 3D digitalizácie a aditívnych technológií v medicíne
Salvato in:
| Autore principale: | |
|---|---|
| Altri autori: | |
| Natura: | Manoscritto Libro |
| Lingua: | slovacco |
| Pubblicazione: |
2018
|
| Soggetti: | |
| Accesso online: | http://is.stuba.sk/zp/portal_zp.pl?podrobnosti=132538 |
| Tags: |
Nessun Tag, puoi essere il primo ad aggiungerne!!
|
MARC
| LEADER | 00000ntm a22000003a 4500 | ||
|---|---|---|---|
| 001 | stuzp57001 | ||
| 003 | SK-STU | ||
| 005 | 20220216175557.3 | ||
| 007 | ta | ||
| 008 | 150427s2015----xo-----f-mn---000-0-slo-d | ||
| 035 | |a 69826 | ||
| 035 | |a biblio/69826 |2 CREPC2 | ||
| 040 | |a STU |b slo | ||
| 041 | 0 | |a slo | |
| 044 | |a xo | ||
| 100 | 1 | |a Milde, Ján, |d 1989- |u 063000 |4 aut |9 100 |U MTF Materiálovotechnologická fakulta |T MTF Ústav výrobných technológií |X 56936 |U M3000 |Y 83 |7 A000056936 | |
| 242 | 0 | 1 | |a Use of a 3D digitalizion and additive technologies in the medicine |y eng |
| 245 | 1 | 0 | |a Využitie 3D digitalizácie a aditívnych technológií v medicíne |
| 260 | |c 2018 | ||
| 300 | |a 173 s. |e 1 CD-ROM, autoreferát | ||
| 650 | 4 | |a počítačom podporované technológie |2 slo | |
| 650 | 4 | |a Ortodoncia |2 slo | |
| 650 | 4 | |a 3D skenovanie |2 slo | |
| 650 | 4 | |a aditívne technológie |2 slo | |
| 650 | 4 | |a Fused Deposition Modeling |2 slo | |
| 650 | 4 | |a retenčná dlaha |2 slo | |
| 650 | 4 | |a CAD/CAM |2 slo | |
| 650 | 4 | |a 3D metrológia |2 slo | |
| 650 | 4 | |a ortodontický aparát |2 slo | |
| 650 | 4 | |a Rapid Prototyping |2 slo | |
| 650 | 4 | |a Orthodontics |2 eng | |
| 650 | 4 | |a 3D scanning |2 eng | |
| 650 | 4 | |a Rapid Prototyping |2 eng | |
| 650 | 4 | |a Fused Deposition Modeling |2 eng | |
| 650 | 4 | |a 3D metrology |2 eng | |
| 650 | 4 | |a computer aided technologies |2 eng | |
| 650 | 4 | |a CAD/CAM |2 eng | |
| 650 | 4 | |a orthodontic appliance |2 eng | |
| 650 | 4 | |a retention plate |2 eng | |
| 650 | 4 | |a additive manufacturing |2 eng | |
| 700 | 1 | |a Morovič, Ladislav, |d 1979- |u 063600 |k Z1 |4 ths |U MTF Ústav výrobných technológií |T MTF Katedra obrábania a tvárnenia |X 38280 |U M3600 |Y 841 |7 A000038280 | |
| 856 | 4 | |u http://is.stuba.sk/zp/portal_zp.pl?podrobnosti=132538 | |
| 996 | |c M* DzP-631 |l MMSKP |s P |a 0 |w stuzp57001_0001 | ||